LEADER 02052nam a2200361 u 4500 001 000000010895 003 CaOOAMICUS 005 20070226105352.0 008 941013c1967 it u000 u ita u 035 $a10269985 040 $aBAV$bita$dPUL(R)$dPUL(R) 100 1 $aGilson, Etienne,$d1884-1978.$0(OLS)http://pul/name/629 245 10$aProblemi d'oggi :$bil tomismo e la sua situazione attuale, il caso Teilhard de Chardin - il dialogo difficile /$cdi Etienne Gilson ; traduzione di Mario Rettori e Anna Rosso Cattabiani. 260 $aTorino :$bBorla,$c1967. 300 $a159 p. ;$c22 cm 490 1 $aDocumenti di cultura moderna ;$v1 500 $a"Titoli originali dei saggi: Trois leçons sur le thomisme et sa situation présente; Le cas Teilhard de Chardin; Le dialogue difficile". 600 04$aThomas Aquinas,$cs.,$dc. 1225-1274.$0(OLS)http://pul/subject/448 600 14$aTeilhard de Chardin, Pierre,$cS.I.,$d1881-1955.$0(OLS)http://pul/subject/8511 650 4$aTomismo.$0(OLS)http://pul/subject/597 700 1 $aRosso Cattabiani, Anna.$0(OLS)http://pul/name/10620 700 1 $aRettori, Mario.$0(OLS)http://pul/name/9714 830 0$aDocumenti di cultura moderna ;$v1.$0(OLS)http://pul/title/15855 850 $aPUL 852 $aPUL$W1$xDP1 Fondo Giannini$y60$m1557 F 12$j15437$nBK-PRI$b $qFondi$B15437$CPULBib$Z2$F15437 $H $81 852 $aPUL$W1$xSL Filosofia 2$y80$mPhil D4 41d$j15438$nBK-PRI$b $qStampati altre collocazioni$B15438$CPULBib$Z2$F15438 $H $81 852 $aPUL$W1$xDP1 Fondo Pastorale$y55$mP12 A 29$j15439$nBK-PRI$b $qFondi$B15439$CPULBib$Z2$F15439 $H $81 941 1 $a10 941 1 $a1 960 $aTommaso d'Aquino,$cs.,$d1225-1274$9448 961 $aINV: 27978 996 $6245$aProblemi d'oggi :$bil tomismo e la sua situazione attuale, il caso Teilhard de Chardin - il dialogo difficile$9(OLS)http://pul/title/15854 996 $6260$aTorino :$bBorla$9(OLS)http://pul/publisher/48084 LEADER 01026nam a2200277 u 4500 001 000000066353 003 CaOOAMICUS 005 20070226121551.0 008 020111s1975 gw u000 u ger u 020 $a3170015257 035 $a10916256 040 $aPUL(R)$bita 100 1 $aGeiger, Helmut.$0(OLS)http://pul/name/44466 245 10$aBankpolitik /$cHelmut Geiger. 260 $aStuttgart :$bW. Kohlhammer,$cc1975. 300 $a194 p. ;$c22 cm 504 $aBibliografia: p. 191-194. 650 4$aBanche e gestione bancaria.$0(OLS)http://pul/subject/6724 650 4$aPolitica economica.$0(OLS)http://pul/subject/10570 850 $aPUL 852 $aPUL$W1$xSL Filosofia 1$y2$m84 C 6$j85794$nBK-PRI$b $qStampati$B85794$CPULBib$Z2$F85794 $H $81 941 1 $a8 961 $aINV: 63807 996 $6020$a3170015257$9(OLS)http://pul/number/86078 996 $6245$aBankpolitik$9(OLS)http://pul/title/88103 996 $6260$aStuttgart :$bW. Kohlhammer$9(OLS)http://pul/publisher/48214